Niezapomniane Jedenastki #24: Polska 1982 - Statystyki

Ogólne statystyki
  • Ten quiz został rozwiązany 73 razy
  • Średni wynik to 7 z 11
Statystyki odpowiedzi
Pozycja Klub Inicjały Zawodnik % Poprawnych
N Lokeren GL Grzegorz Lato
99%
ŚPO Widzew ZB Zbigniew Boniek
99%
ŚO Widzew Władysław Żmuda
90%
N Auxerre AS Andrzej Szarmach
83%
BR Widzew JM Józef Młynarczyk
80%
ŚO Legia PJ Paweł Janas
61%
LO Legia SM Stefan Majewski
36%
ŚP Legia AB Andrzej Buncol
32%
ŚP Arka JK Janusz Kupcewicz
29%
ŚPD Górnik WM Waldemar Matysik
26%
PO ŁKS MD Marek Dziuba
22%
Nie znaleziono quizów pasujących do podanych kryteriów
Rozkład punktacji
Procent ludzi z każdym wynikiem
Percentyl według liczby udzielonych odpowiedzi
Twoja historia wyników
Nie rozwiązałeś tego quizu